| Поле | Инд. | ПП | Название | Значение |
|---|---|---|---|---|
| Тип записи | a | |||
| Библиографический уровень | a | |||
| 001 | Контрольный номер | 7a0d36a5fc5744e1b470c8a7ee92d768 | ||
| 005 | Дата корректировки | 20220926103336.0 | ||
| 040 | a | Служба первич. каталог. | НБ ТвГУ | |
| b | Код языка каталог. | rus | ||
| e | Правила каталог. | PSBO | ||
| 041 | 0_ | a | Код языка текста | rus |
| 097 | b | Оператор | Komarova.ES | |
| 100 | 1_ | a | Автор | Малышева В. Г. |
| 245 | 10 | a | Заглавие | Пути и способы формирования адвентивной флоры Калининской области |
| 260 | a | Место издания | Калинин | |
| b | Издательство | Калининский государственный университет | ||
| 504 | a | Библиография | Библиогр.: с. 30-31 (17 назв.) | |
| 520 | 0_ | a | Аннотация | Статья посвящена путям и способам формирования адвентивной флоры Калининской области. |
| 653 | 0_ | a | Ключевые слова | Труды Тверского государственного университета |
| a | Ключевые слова | Адвентивная флора | ||
| a | Ключевые слова | Антропогенное воздействие | ||
| a | Ключевые слова | Охота | ||
| a | Ключевые слова | Торговля | ||
| a | Ключевые слова | Соседние племена | ||
| 773 | 18 | w | Контрольный № источника | RU/IS/BASE/448384506 |
| t | Название источника | Флора и растительность южной тайги | ||
| d | Место и дата издания | Калинин : Калининский государственный университет, 1988 | ||
| g | Прочая информация | С. 25-31 | ||
| 901 | t | Тип документа | a | |
| 920 | a | Оператор | Кома | |
| 954 | b | Дата поступления в ОК | 20220926 |